Manual para la enseñanza básica: proyectos de mejoramiento educativo
Salvato in:
| Natura: | Libro |
|---|---|
| Lingua: | spagnolo |
| Pubblicazione: |
Santiago
Ministerio de Educación
1999
|
| Soggetti: | |
| Tags: |
Aggiungi Tag
Nessun Tag, puoi essere il primo ad aggiungerne!!
|
MARC
| LEADER | 00000nam a2200000 a 4500 | ||
|---|---|---|---|
| 001 | UCP5419 | ||
| 003 | CL-VaPUC | ||
| 008 | 990910e19990000CL |||||||||||||||||spa|d | ||
| 082 | 0 | 4 | |a 372.011 |b MIN |2 21 |
| 245 | 1 | 0 | |a Manual para la enseñanza básica: proyectos de mejoramiento educativo |
| 300 | |a 110 p | ||
| 942 | |c BK | ||
| 945 | |d 19990910 00:00:00 |a rbrito | ||
| 260 | |a Santiago |b Ministerio de Educación |c 1999 | ||
| 500 | |a Texto de la Reforma Educacional Chilena | ||
| 650 | 0 | |a Calidad de la educación |9 307271 | |
| 650 | 0 | |a Educación básica |9 224933 | |
| 650 | 0 | |a Reforma educacional |9 256319 | |
| 650 | 0 | |a Política educacional |9 308011 | |
| 583 | |a last modification |c 19990910 00:00:00 |k Rodrigo Vera | ||
| 999 | |c 283169 |d 283167 | ||
| 952 | |0 0 |1 0 |4 0 |6 372_011000000000000_MIN_1999 |7 0 |8 P |9 326008 |a BIBEDU |b BIBEDU |c BIBEDU_PB |d 2019-11-20 |i 3537307 |o 372.011 MIN 1999 |p 3537307 |r 2024-01-25 |w 2019-11-20 |y BK |k EDU | ||
| 952 | |0 0 |1 0 |4 0 |6 372_011000000000000_MIN_1999 |7 0 |8 P |9 326009 |a BIBEDU |b BIBEDU |c BIBEDU_PB |d 2019-11-20 |i 418808K |o 372.011 MIN 1999 |p 418808K |r 2024-01-25 |w 2019-11-20 |y BK |k EBA | ||
| 952 | |0 0 |1 0 |4 0 |6 372_011000000000000_MIN_1999 |7 0 |8 P |9 326010 |a BIBEDU |b BIBEDU |c BIBEDU_PB |d 2019-11-20 |i 4188098 |o 372.011 MIN 1999 |p 4188098 |r 2024-01-25 |w 2019-11-20 |y BK |k EBA | ||
| 952 | |0 0 |1 0 |4 0 |6 372_011000000000000_MIN_1999 |7 0 |8 P |9 326011 |a BIBEDU |b BIBEDU |c BIBEDU_PB |d 2019-11-20 |i 4188101 |o 372.011 MIN 1999 |p 4188101 |r 2024-01-25 |w 2019-11-20 |y BK |k EBA | ||
| 952 | |0 0 |1 0 |4 0 |6 372_011000000000000_MIN_1999 |7 0 |8 P |9 326012 |a BIBEDU |b BIBEDU |c BIBEDU_PB |d 2019-11-20 |i 418811K |o 372.011 MIN 1999 |p 418811K |r 2024-01-25 |w 2019-11-20 |y BK |k EBA | ||
| 952 | |0 0 |1 0 |4 0 |6 372_011000000000000_MIN_1999 |7 0 |8 P |9 326013 |a BIBEDU |b BIBEDU |c BIBEDU_PB |d 2019-11-20 |i 419487K |o 372.011 MIN 1999 |p 419487K |r 2024-01-25 |w 2019-11-20 |y BK |k EBA | ||